000 00870cab a2200265 4500
001 ABS56496
008 090401t1997 xxu||||| |||| 00| 0 eng d
035 _a(Sirsi) u24070
041 _aeng
100 _aWilson, S.
245 _a1954 act lease renewals: cases that will not settle
260 _c1997
350 _a0
490 _aCSM (Chartered Surveyor Monthly)
_v6(4) January 1997, 33(1)
520 _aLooks at intermediate steps that can be taken when negotiations for a commercial lease renewal reach stalemate, rather than proceeding to a full trial.
650 _aBUSINESS TENANCIES
650 _aCALDERBANK LETTERS
650 _aCOMMERCIAL LEASES
650 _aLANDLORD AND TENANT ACT 1954
650 _aLEASE RENEWAL
650 _aWITHOUT PREJUDICE
690 _aLANDLORD AND TENANT-BUSINESS TENANCIES
942 _n0
948 _c04/03/1997
999 _c16122
_d16122